00372 a2200133 450000500170000000800410001702000180005804100120007610000140008824501040010225000080020626000160021430000080023020250530152346.0250530b |||||||| |||| 00| 0 eng d a9781800207721 aEnglish aHattem R. aMastering Pythonb: Write Powerful And Efficient Code Using The Full Range Of Python's Capabilities a2nd bPacktc2022 a680